Sports Quiz

Random Sports or Animal Quiz

Puppy Sports Quiz Stats

 Plays Quiz Updated May 7, 2018

Also try: Animal Cakes
Challenge
Share
Tweet
Score 0/15 Timer 05:00
5 Plays Today
% Correct
Boxing
97.2%
Archery
97.2%
Tennis
97.1%
Swimming
97.1%
Skateboarding
97%
Golf
96.9%
Hockey
96.8%
Basketball
96.7%
% Correct
American Football
96.5%
Volleyball
96.4%
Surfing
95.9%
Baseball
95.6%
Rugby
90.9%
Soccer (Football)
89.7%
Kayaking|Rowing
89.4%

You're not logged in!

Compare scores with friends on all Sporcle quizzes.
Join for Free
OR
Log In

You Might Also Like...

Show Comments

Extras

Top Quizzes Today


Score Distribution

Your Account Isn't Verified!

In order to create a playlist on Sporcle, you need to verify the email address you used during registration. Go to your Sporcle Settings to finish the process.

Report this User

Report this user for behavior that violates our Community Guidelines.

Details: